| 000 | 01017cam a2200325 a 4500 | ||
|---|---|---|---|
| 001 | 13489 | ||
| 003 | BD-RjUL | ||
| 005 | 20211208235449.0 | ||
| 008 | 140201s2010 inua 001 0 eng | ||
| 020 | _a9780470641651 (pbk : alk. paper) | ||
| 020 | _a0470641657 (pbk : alk. paper) | ||
| 035 | _a(BD-RjUL)13540 | ||
| 040 |
_aDLC _cBD-RjUL _dBD-RjUL _beng |
||
| 041 | _aeng | ||
| 082 | 0 | 0 |
_a004.165 _222 _bLEB 2010 |
| 100 | 1 |
_aLee, Wei-Meng. _942072 |
|
| 245 | 1 | 0 |
_aBeginning iPad application development / _cWei-Meng Lee. |
| 246 | 3 | 0 | _aiPad application development |
| 260 |
_aIndianapolis, IN : _bWiley Pub., _cc2010. |
||
| 300 |
_axxxi, 563 p. : _bill. ; _c24 cm. |
||
| 490 | 0 | _aWrox beginning guides | |
| 490 | 0 | _aWrox programmer to programmer | |
| 500 | _aIncludes index. | ||
| 650 | 0 |
_aiPad (Computer) _xProgramming. _942073 |
|
| 650 | 0 |
_aApplication software _xDevelopment. _942074 |
|
| 650 | 0 |
_aMobile computing. _942075 |
|
| 942 |
_2ddc _cBK |
||
| 999 |
_c13489 _d13489 |
||